000 00985nam a22002537a 4500
005 20170801102156.0
010 _a1617EN B-648613-621 ENG-117610
020 _a9781471146930
_c499.00
035 _aB-648613-621
035 _aEN-101142
035 _aB-667254
037 _bAakar
_adpl
037 _bDBAD/PUB
082 _aS
100 _aBanerjee, Chitra
245 _aBefore we visit the Goddess /
_cby Chitra Banerjee [and] Divakaruni
260 _aLondon
_bSimon & Schuster
_c2016
270 _a1st Floor, 222 Gray's Inn Road,
_bLondon
_eWCIX 8 HB
300 _a210p.
_b25(cmHb)
700 _aDivakaruni
942 _2ddc
_cEN
_mBAN
_hS
999 _c102302
_d102302